[Event "World Blitz 2015"]
[Site "Berlin GER"]
[Date "2015.10.14"]
[Round "18.88"]
[White "Valdes Romero, Leonardo"]
[Black "Carlstedt, Jonathan"]
[Result "0-1"]
[WhiteTitle "IM"]
[BlackTitle "IM"]
[WhiteElo "2362"]
[BlackElo "2442"]
[WhiteFideId "6500331"]
[BlackFideId "24614386"]
[EventDate "2015.10.13"]

1. Nf3 g6 2. g3 Bg7 3. Bg2 e6 4. O-O Ne7 5. d3 O-O 6. e4 b5 7. Nbd2 Bb7 8. a4 b4
9. h4 h6 10. Nc4 d6 11. a5 a6 12. Bd2 c5 13. c3 Nbc6 14. Qa4 Rb8 15. Rab1 Kh7
16. Rfe1 Qe8 17. Nxd6 Qd7 18. e5 Kg8 19. Nxb7 Rxb7 20. Qc2 b3 21. Qd1 Qxd3 22.
Bf1 Qf5 23. Bxa6 Ra7 24. Bc4 Nxa5 25. Bf1 Rd8 26. Qe2 Rad7 27. Be3 c4 28. Bb6
Ra8 29. Bxa5 Rxa5 30. Nd4 Qd3 31. Qxd3 cxd3 32. Bxd3 Rxe5 33. Bf1 Rxe1 34. Rxe1
Bxd4 35. cxd4 Rxd4 36. Re3 Rb4 37. Rc3 Nd5 38. Rc8+ Kg7 39. Kg2 Nb6 40. Rb8 Nd5
41. Rxb4 Nxb4 42. Bc4 Kf6 43. Bxb3 Nd3 44. Bc4 Nxb2 45. Bb5 Ke5 46. Kf3 Nd1 47.
Be8 Kf6 48. Bc6 Nc3 49. Kg2 Nd5 50. Kf3 Ke5 51. Be8 Kf6 52. Bc6 Ke7 53. Kg2 f5
54. Bb5 g5 55. hxg5 hxg5 56. Ba4 g4 57. f3 gxf3+ 58. Kxf3 Kf6 59. g4 f4 60. Bb3
Kg5 61. Bc4 Nc7 62. Bb3 e5 63. Bc4 Ne8 64. Ke4 Nd6+ 65. Kxe5 Nxc4+ 0-1

[Event "World Blitz 2015"]
[Site "Berlin GER"]
[Date "2015.10.14"]
[Round "18.89"]
[White "Przybylski, Wojciech"]
[Black "Sawlin, Leonid"]
[Result "0-1"]
[WhiteTitle "FM"]
[WhiteElo "2354"]
[BlackElo "2258"]
[WhiteFideId "1117599"]
[BlackFideId "4689542"]
[EventDate "2015.10.13"]

1. e4 e6 2. d4 d5 3. Nc3 Nf6 4. Bg5 dxe4 5. Nxe4 Be7 6. Bxf6 gxf6 7. Qd2 b6 8.
g4 Bb7 9. Bg2 c6 10. O-O-O Nd7 11. Ne2 Qc7 12. f4 O-O-O 13. N4c3 Rhg8 14. Bf3
Bb4 15. a3 Bf8 16. h4 Kb8 17. Kb1 b5 18. Ne4 Be7 19. Qd3 a6 20. N4g3 Nf8 21. c4
Ng6 22. Nh5 Nf8 23. Qc2 Rc8 24. c5 Rd8 25. Rd2 Bc8 26. Qe4 Rd5 27. Qe3 Rd8 28.
Nhg3 Nd7 29. Qe4 Bb7 30. Qc2 Nf8 31. h5 a5 32. Nf1 a4 33. Ne3 e5 34. Nf5 exf4
35. Nc3 Ne6 36. Ne4 Bf8 37. Rhd1 Rd5 38. Nc3 Rd8 39. d5 Nxc5 40. dxc6 Rxd2 41.
Qxd2 Bxc6 42. Bxc6 Qxc6 43. Qd8+ Kb7 44. Qd2 Rxg4 45. Nd4 Qd7 46. Ncxb5 Nb3 47.
Qc2 Nxd4 48. Qe4+ Qc6 49. Rxd4 Qxe4+ 50. Rxe4 Rg1+ 51. Kc2 Kc6 52. Nc3 Bd6 53.
Nxa4 Rg2+ 54. Kd3 f3 55. Re1 Kd5 56. Nc3+ Kc6 57. b4 Be5 58. Ne4 Ra2 59. Rc1+
Kd5 60. Rc5+ Ke6 61. Rc1 Rxa3+ 62. Kc4 Kf5 63. Nf2 Kf4 64. Nd3+ Ke3 65. Nc5 Rc3+
66. Rxc3+ Bxc3 67. Nd3 Be5 68. b5 f2 69. Nxf2 Kxf2 70. Kd5 Kg3 71. Ke4 Kg4 72.
b6 Kxh5 73. Kf5 Kh6 74. Kg4 Kg6 75. Kh4 f5 76. b7 Bb8 77. Kh3 Kg5 78. Kg2 Kf4
79. Kg1 Ke3 80. Kg2 f4 81. Kf1 Kf3 82. Kg1 Ke2 83. Kg2 f3+ 84. Kh3 f2 85. Kg4
f1=Q 86. Kh5 Qf5+ 87. Kh4 Qg6 0-1

[Event "World Blitz 2015"]
[Site "Berlin GER"]
[Date "2015.10.14"]
[Round "18.90"]
[White "Thiede, Lars"]
[Black "Hovhannisyan, Mher"]
[Result "1/2-1/2"]
[WhiteTitle "IM"]
[BlackTitle "IM"]
[WhiteElo "2437"]
[BlackElo "2499"]
[WhiteFideId "4607759"]
[BlackFideId "13300865"]
[EventDate "2015.10.13"]

1. g3 d5 2. Bg2 Nf6 3. c4 e6 4. Nf3 Be7 5. b3 O-O 6. Bb2 a5 7. a3 c6 8. O-O b5
9. cxb5 cxb5 10. d3 Bb7 11. Nbd2 Nbd7 12. Ra2 Qb6 13. Bd4 Bc5 14. Qa1 Bxd4 15.
Qxd4 Rfc8 16. Qxb6 Nxb6 17. Nd4 Ba6 18. N2f3 Rc3 19. Rc2 Rxc2 20. Nxc2 Rc8 21.
Ncd4 Nfd7 22. Rb1 g6 23. e3 e5 24. Ne2 Rc2 25. Nc1 b4 26. axb4 axb4 27. d4 e4
28. Ne1 Rd2 29. Bf1 Bxf1 30. Kxf1 Nf6 31. h3 h5 32. Ne2 g5 33. Ng2 Kg7 34. h4
gxh4 35. Nxh4 Ng4 36. Ke1 Ra2 37. Rc1 Rb2 38. Rc6 Nd7 39. Nf4 Ndf6 40. Nf5+ Kh7
41. Rc7 Rb1+ 42. Kd2 Rxb3 43. Rxf7+ Kg8 44. Rg7+ Kf8 45. Nxh5 Nxh5 46. Rxg4 Rb2+
47. Kc1 Rxf2 48. Rg5 Nf6 49. Nd6 b3 50. Rf5 Rxf5 51. Nxf5 Kf7 52. Kb2 Ke6 53.
Nh6 Nh5 54. g4 Ng3 55. Kxb3 Nf1 56. Nf5 Kf6 57. Kb4 Kg5 58. Kc5 Kxg4 59. Nh6+
Kg5 60. Kxd5 Nxe3+ 61. Kxe4 Nc4 62. Nf7+ Kf6 63. Ne5 Nd6+ 64. Kd5 Nf5 65. Nd7+
Ke7 66. Nc5 Nxd4 1/2-1/2

[Event "World Blitz 2015"]
[Site "Berlin GER"]
[Date "2015.10.14"]
[Round "18.91"]
[White "Pavlovic, Milos"]
[Black "Thornton, Giovanni Antonio"]
[Result "1-0"]
[WhiteTitle "GM"]
[WhiteElo "2481"]
[BlackElo "2207"]
[WhiteFideId "900389"]
[BlackFideId "4300963"]
[EventDate "2015.10.13"]

1. e4 e5 2. Nf3 Qe7 3. Bc4 g6 4. O-O Bg7 5. c3 Nf6 6. Re1 d6 7. d4 O-O 8. h3 Be6
9. Bd3 Bd7 10. Nbd2 c6 11. Nf1 Na6 12. Ng3 Nc7 13. Be3 c5 14. Qd2 Rfc8 15. d5 b5
16. Bg5 Nce8 17. Rf1 Qf8 18. Nh2 h6 19. Be3 Kh7 20. f4 exf4 21. Bxf4 Ng8 22. Rf2
c4 23. Bc2 Nef6 24. Raf1 Re8 25. Be3 Qe7 26. Bd4 Rf8 27. Nf3 Rae8 28. Kh1 a6 29.
b3 cxb3 30. axb3 Kh8 31. Bd3 Nh7 32. Ne2 Ngf6 33. Ng3 Ng8 34. Bxg7+ Kxg7 35. c4
bxc4 36. bxc4 Rb8 37. c5 dxc5 38. e5 Bb5 39. Ne4 c4 40. Be2 Rfc8 41. Qc3 Rb6 42.
d6 Qd7 43. e6+ 1-0

[Event "World Blitz 2015"]
[Site "Berlin GER"]
[Date "2015.10.14"]
[Round "18.92"]
[White "Ben Artzi, Ido"]
[Black "Koehler, Gerhard2"]
[Result "1-0"]
[WhiteTitle "IM"]
[WhiteElo "2419"]
[BlackElo "2173"]
[WhiteFideId "2810913"]
[BlackFideId "12909700"]
[EventDate "2015.10.13"]

1. e4 e6 2. d4 d5 3. Nd2 a6 4. Ngf3 Nf6 5. e5 Nfd7 6. c3 c5 7. Bd3 Nc6 8. O-O
Qb6 9. a3 cxd4 10. cxd4 Nxd4 11. Nxd4 Qxd4 12. Nf3 Qb6 13. b4 Be7 14. Be3 Qd8
15. Qc2 h6 16. Rae1 O-O 17. Nd4 Nxe5 18. Bh7+ Kh8 19. Bxh6 gxh6 20. Rxe5 Bf6 21.
Rh5 Bg7 22. Nf3 Bd7 23. Bd3 Rc8 24. Qd2 Qf6 25. Ne5 Bb5 26. Ng4 Qd4 27. Rxh6+
Kg8 1-0

[Event "World Blitz 2015"]
[Site "Berlin GER"]
[Date "2015.10.14"]
[Round "18.93"]
[White "Cordeiro, Marco Aurelio Zaror"]
[Black "Hilverda, Alexander"]
[Result "0-1"]
[WhiteElo "2228"]
[BlackElo "2384"]
[WhiteFideId "2117991"]
[BlackFideId "4695437"]
[EventDate "2015.10.13"]

1. b3 d5 2. e3 Nf6 3. f4 Bg4 4. Nf3 e6 5. Bb2 Be7 6. Be2 c5 7. O-O Nc6 8. a3 Rc8
9. h3 Bxf3 10. Bxf3 d4 11. e4 e5 12. fxe5 Nxe5 13. d3 O-O 14. Nd2 Nfd7 15. Qe1
Bh4 16. Qe2 Bg5 17. Rae1 Be3+ 18. Kh1 Qg5 19. Bc1 Bf4 20. Nc4 Bxc1 21. Rxc1 Nxc4
22. bxc4 Ne5 23. Rb1 Qe7 24. Bg4 Rc6 25. Rb3 b6 26. Qd1 Rd8 27. Be2 Rh6 28. Qe1
Qg5 29. Qf2 Rf6 30. Qe1 Rg6 31. Qf2 Rdd6 32. Bf3 Rdf6 33. Qe2 Rh6 34. Rbb1 Qg3
35. Rf2 Ng6 36. Rg1 Nf4 37. Qd2 Nxh3 0-1

[Event "World Blitz 2015"]
[Site "Berlin GER"]
[Date "2015.10.14"]
[Round "18.94"]
[White "Berend, Elvira"]
[Black "Zepeda, Lorena"]
[Result "0-1"]
[WhiteTitle "WGM"]
[BlackTitle "WIM"]
[WhiteElo "2370"]
[BlackElo "2106"]
[WhiteFideId "4000510"]
[BlackFideId "6700233"]
[EventDate "2015.10.13"]

1. d4 Nf6 2. c4 g6 3. Nc3 Bg7 4. e4 d6 5. Be2 O-O 6. Bg5 Nbd7 7. Nf3 h6 8. Bf4
c5 9. d5 Nh5 10. Be3 Kh7 11. O-O a6 12. a4 Qe8 13. Qd2 f5 14. exf5 gxf5 15. Qc2
Ne5 16. Nxe5 Bxe5 17. f4 Bg7 18. Bd3 Qg6 19. Rae1 Kh8 20. Kh1 Bd7 21. Bg1 Rae8
22. Rf3 Nf6 23. Rg3 Qh7 24. Rge3 Rf7 25. a5 Nh5 26. Rf3 Bf6 27. Bf2 Rg8 28. Qd2
Rfg7 29. g3 Rf7 30. Rfe3 Bd4 31. R3e2 Bf6 32. Qd1 Qg6 33. Rg1 Qg4 34. Re3 Qg6
35. Qf3 Bg7 36. Rge1 Re8 37. R3e2 Nf6 38. Bg1 Ng4 39. Nd1 h5 40. Nf2 Bf6 41. Nh3
h4 42. gxh4 Bxh4 43. Rf1 Rg8 44. Ng5 Bxg5 45. fxg5 Qxg5 46. Qf4 Qxf4 47. Rxf4
Rgf8 48. Rf1 Ne5 49. Rd1 f4 50. Bf2 f3 51. Rc2 Nxd3 52. Rxd3 Bf5 53. Rcd2 Bxd3
54. Rxd3 Rf4 55. b3 Re4 56. Kg1 Re2 57. Kf1 Ra2 58. Bg3 Kh7 59. Re3 Rf7 60. Re4
Rxa5 61. Rh4+ Kg6 62. Rg4+ Kh5 63. Re4 Ra1+ 64. Kf2 Ra2+ 65. Kf1 Rb2 66. Re3 a5
67. h3 Rb1+ 68. Kf2 Rb2+ 69. Kf1 Ra2 70. Rd3 f2 71. Rd1 Rb2 72. Kg2 f1=Q# 0-1

[Event "World Blitz 2015"]
[Site "Berlin GER"]
[Date "2015.10.14"]
[Round "19.5"]
[White "Tomashevsky, Evgeny"]
[Black "Karjakin, Sergey"]
[Result "1-0"]
[WhiteTitle "GM"]
[BlackTitle "GM"]
[WhiteElo "2758"]
[BlackElo "2762"]
[WhiteFideId "4147235"]
[BlackFideId "14109603"]
[EventDate "2015.10.13"]

1. c4 e5 2. Nc3 Nf6 3. Nf3 Nc6 4. g3 d5 5. cxd5 Nxd5 6. Bg2 Nb6 7. O-O Be7 8. d3
O-O 9. Be3 Be6 10. Rc1 Nd5 11. Nxd5 Bxd5 12. Qa4 Re8 13. Rc3 a6 14. a3 Bf6 15.
Rc5 Nd4 16. Rxd5 Nxe2+ 17. Kh1 Qxd5 18. Nd4 Qxg2+ 19. Kxg2 Nxd4 20. Bxd4 exd4
21. Qb4 Rab8 22. Re1 Rec8 23. a4 c5 24. Qb6 Rd8 25. Qxc5 Rd7 26. b4 g6 27. h4 h5
28. b5 axb5 29. Qxb5 Rc7 30. Re8+ Rxe8 31. Qxe8+ Kg7 32. Qb8 Re7 33. a5 Re5 34.
Qc7 Rf5 35. f4 Rb5 36. Kf3 Rb3 37. Ke4 Rb5 38. Kf3 Rb3 39. Qc4 Rb1 40. Ke4 Rb2
41. Kd5 Rg2 42. Qc7 Rb2 43. Kd6 Rb3 44. Kd7 Kf8 45. Qc8+ Kg7 46. Qc7 Rxd3 47.
Qxb7 Ra3 48. Qb4 Ra1 49. Ke8 d3 50. Qd2 Ra4 51. Qxd3 Rxa5 52. Qb3 Ra7 53. Qb4
Rc7 54. Qf8+ Kh7 55. Qd6 Re7+ 56. Qxe7 Bxe7 57. Kxe7 Kg7 58. Ke8 Kg8 59. Ke7 Kg7
60. Ke8 Kg8 61. Kd7 Kf8 62. Kd8 Kg8 63. Ke8 Kg7 64. Ke7 Kg8 65. Kf6 Kf8 66. f5
gxf5 67. Kxf5 Ke7 68. Kg5 Ke6 69. Kxh5 Kf5 70. Kh6 Kg4 71. h5 Kxg3 72. Kg7 f5
73. h6 f4 74. h7 f3 75. h8=Q Kg2 76. Qa8 1-0

[Event "World Blitz 2015"]
[Site "Berlin GER"]
[Date "2015.10.14"]
[Round "19.6"]
[White "Aronian, Levon"]
[Black "Svidler, Peter"]
[Result "1/2-1/2"]
[WhiteTitle "GM"]
[BlackTitle "GM"]
[WhiteElo "2784"]
[BlackElo "2727"]
[WhiteFideId "13300474"]
[BlackFideId "4102142"]
[EventDate "2015.10.13"]

1. d4 Nf6 2. Bf4 g6 3. Nc3 d5 4. e3 Bg7 5. Nb5 Na6 6. h3 c6 7. Nc3 Nc7 8. Nf3
O-O 9. Bd3 Nd7 10. O-O Re8 11. e4 dxe4 12. Bxe4 Ne6 13. Be3 Nf6 14. Bd3 b6 15.
Re1 Bb7 16. Bc4 Nd5 17. Nxd5 cxd5 18. Bb5 Rf8 19. Qd2 Nc7 20. Bd3 Ba6 21. Bxa6
Nxa6 22. Bh6 Nc7 23. Bxg7 Kxg7 24. Ne5 e6 25. Ng4 Ne8 26. Re3 Nf6 27. Rf3 Nxg4
28. hxg4 h6 29. Rh3 Qg5 30. Qe2 Rac8 31. Rf1 Rh8 32. f4 Qf6 33. c3 Rc7 34. g3
Rd7 35. Rf2 Rdd8 36. Rfh2 g5 37. Rf2 Qg6 38. Qe5+ Qf6 39. Qc7 Qg6 40. f5 exf5
41. Rxf5 Rhe8 42. Qxa7 Re1+ 43. Kg2 Qe6 44. Rh2 Re8 45. Qb7 Re7 46. Qxd5 Qe3 47.
Qd6 Re6 48. Qc7 Re7 49. Qd6 Re6 50. Qc7 Re7 1/2-1/2

[Event "World Blitz 2015"]
[Site "Berlin GER"]
[Date "2015.10.14"]
[Round "19.9"]
[White "Melkumyan, Hrant"]
[Black "Mamedov, Rauf"]
[Result "0-1"]
[WhiteTitle "GM"]
[BlackTitle "GM"]
[WhiteElo "2622"]
[BlackElo "2657"]
[WhiteFideId "13302485"]
[BlackFideId "13401653"]
[EventDate "2015.10.13"]

1. d4 d6 2. Nf3 Nf6 3. c4 g6 4. g3 Bg7 5. Bg2 O-O 6. O-O Nbd7 7. Qc2 e5 8. Rd1
exd4 9. Nxd4 a6 10. Nc3 Re8 11. b3 Rb8 12. h3 c5 13. Nf3 b5 14. cxb5 axb5 15.
Bb2 Qe7 16. e3 b4 17. Nd5 Nxd5 18. Rxd5 Nf6 19. Rdd1 Bf5 20. Qe2 Be4 21. Rd2 Ra8
22. Rad1 d5 23. Ba1 Rac8 24. Ne1 Bxg2 25. Nxg2 d4 26. Qf3 Ne4 27. Rc2 Ng5 28.
Qe2 Nxh3+ 29. Kf1 Ng5 30. Qd3 Rcd8 31. Rcd2 Nf3 32. Re2 dxe3 33. Qb1 Nd2+ 34.
Rdxd2 exd2 35. Ne3 Bxa1 36. Qxa1 d1=Q+ 0-1

[Event "World Blitz 2015"]
[Site "Berlin GER"]
[Date "2015.10.14"]
[Round "19.10"]
[White "Ponomariov, Ruslan"]
[Black "Kasimdzhanov, Rustam"]
[Result "0-1"]
[WhiteTitle "GM"]
[BlackTitle "GM"]
[WhiteElo "2710"]
[BlackElo "2704"]
[WhiteFideId "14103320"]
[BlackFideId "14200244"]
[EventDate "2015.10.13"]

1. e4 e5 2. Nf3 Nc6 3. Bb5 a6 4. Ba4 Nf6 5. O-O Bc5 6. c3 b5 7. Bc2 d5 8. exd5
Qxd5 9. a4 e4 10. d4 exf3 11. dxc5 Qxd1 12. Rxd1 b4 13. gxf3 O-O 14. Bf4 Bh3 15.
Bxc7 Rfe8 16. Nd2 bxc3 17. bxc3 Nd5 18. Bd6 Nxc3 19. Re1 Nb4 20. Bb3 Ne2+ 21.
Kh1 Nd3 22. Rf1 Bxf1 23. Rxf1 Nd4 24. Bc4 Nb2 25. Bd5 Rac8 26. Kg2 Nxa4 27. Ne4
Nf5 28. Ra1 Nc3 29. Nxc3 Nxd6 30. cxd6 Rxc3 31. Rxa6 Rd3 32. Bc4 Rd4 33. Rc6 Rd8
34. Rc7 Rf4 35. Kg3 Rf6 36. d7 Kf8 37. Rb7 Rd6 38. Bb5 Ke7 39. Ba4 Rd4 40. Ra7
Rc4 41. h4 g6 42. f4 Rc3+ 43. f3 Ra3 44. f5 gxf5 45. Kf4 h6 46. Ra5 Rb8 47. Re5+
Kd6 48. Re8 Rxa4+ 49. Kg3 Raa8 0-1

[Event "World Blitz 2015"]
[Site "Berlin GER"]
[Date "2015.10.14"]
[Round "19.12"]
[White "Gajewski, Grzegorz"]
[Black "Onischuk, Vladimir"]
[Result "1-0"]
[WhiteTitle "GM"]
[BlackTitle "GM"]
[WhiteElo "2654"]
[BlackElo "2612"]
[WhiteFideId "1116207"]
[BlackFideId "14114038"]
[EventDate "2015.10.13"]

1. d4 d6 2. e4 Nf6 3. Nc3 g6 4. f4 Bg7 5. Nf3 O-O 6. a3 Na6 7. Be2 c5 8. d5 Rb8
9. O-O b5 10. e5 Nd7 11. Bxb5 dxe5 12. Bxd7 Bxd7 13. Nxe5 Qc7 14. Qe2 Rb6 15. b3
Bf5 16. Bb2 Nb8 17. Rad1 h5 18. h3 Nd7 19. Nc6 Re8 20. Nxe7+ Kf8 21. d6 Rxd6 22.
Nb5 Bxb2 23. Nxc7 Rxe7 24. Qb5 Bd4+ 25. Kh2 Nf6 26. Qb8+ Kg7 27. Rfe1 Be4 28. c3
Rb6 29. Qxa7 Rxb3 30. cxd4 Rb2 31. Rxe4 Rxe4 32. Qxc5 Ree2 33. Rg1 Rbc2 34. Qd6
h4 35. Nd5 Nh5 36. f5 Ng3 37. f6+ Kh7 38. Nf4 Re8 39. Qd7 Rf8 40. Ne6 1-0

[Event "World Blitz 2015"]
[Site "Berlin GER"]
[Date "2015.10.14"]
[Round "19.14"]
[White "Socko, Bartosz"]
[Black "Fedoseev, Vladimir3"]
[Result "1-0"]
[WhiteTitle "GM"]
[BlackTitle "GM"]
[WhiteElo "2599"]
[BlackElo "2659"]
[WhiteFideId "1107038"]
[BlackFideId "24130737"]
[EventDate "2015.10.13"]

1. e4 e6 2. d4 d5 3. Nd2 c5 4. exd5 Qxd5 5. Ngf3 cxd4 6. Bc4 Qd6 7. O-O Nf6 8.
Nb3 Nc6 9. Nbxd4 Nxd4 10. Nxd4 a6 11. a4 Qc7 12. b3 Bd6 13. h3 O-O 14. Bb2 e5
15. Ne2 Bf5 16. Ng3 Bg6 17. Qe2 h5 18. Rfd1 h4 19. Nf1 Bh5 20. f3 Rae8 21. Qe1
Bc5+ 22. Kh1 e4 23. Bxf6 exf3 24. Qxh4 fxg2+ 25. Kxg2 Bxd1 26. Rxd1 Qc6+ 27. Rd5
Re6 28. Bd4 Rg6+ 29. Kf2 Rf6+ 30. Ke2 Re8+ 31. Kd2 Bb4+ 32. c3 Rxf1 33. cxb4 Rb1
34. Qg5 Qh6 35. Qxh6 gxh6 36. Rd7 Rf8 37. Bc5 b5 38. Bxf8 bxc4 39. Bxh6 Rxb3 40.
Rb7 Rxh3 41. Be3 c3+ 42. Kd3 f5 43. Kd4 c2 44. Rc7 Rh4+ 45. Kd3 Rxb4 46. a5 Rb3+
47. Kd2 Rb5 48. Bb6 Rb2 49. Kc1 Ra2 50. Ra7 f4 51. Rd7 Kf8 52. Rd4 Ke7 53. Rxf4
Kd7 54. Rc4 Kd6 55. Rc8 Ra4 56. Kxc2 Re4 57. Kd3 Re5 58. Kd4 Rd5+ 59. Kc4 Rh5
60. Bc5+ Kd7 61. Ra8 Rh6 62. Bb6 Kc6 63. Rxa6 Rh4+ 64. Kb3 Kb5 65. Ra8 Rh3+ 66.
Kc2 Ra3 67. Rc8 Ka6 68. Kb2 Ra4 69. Kb3 Rh4 70. Ra8+ Kb5 71. Rg8 Rh3+ 72. Kc2
Ka6 73. Rg5 Rf3 74. Bd4 Ra3 75. Bc3 Ra4 76. Kb3 Kb7 77. Kxa4 1-0

[Event "World Blitz 2015"]
[Site "Berlin GER"]
[Date "2015.10.14"]
[Round "19.17"]
[White "Matlakov, Maxim"]
[Black "Vitiugov, Nikita"]
[Result "0-1"]
[WhiteTitle "GM"]
[BlackTitle "GM"]
[WhiteElo "2689"]
[BlackElo "2725"]
[WhiteFideId "4168003"]
[BlackFideId "4152956"]
[EventDate "2015.10.13"]

1. c4 e5 2. g3 Nc6 3. Bg2 Bc5 4. Nc3 Nf6 5. e3 a6 6. Nge2 d6 7. d4 exd4 8. exd4
Ba7 9. O-O h6 10. h3 O-O 11. Be3 Ne7 12. g4 Ng6 13. Ng3 Re8 14. Qd2 c6 15. g5
Nh7 16. gxh6 Qh4 17. Nce4 Bxh3 18. Nxd6 Rxe3 19. Qxe3 Bxg2 20. Ndf5 Qh3 21. hxg7
Nf6 22. Rfe1 Rd8 23. Qg5 Bf3 24. Nh6+ Kh7 0-1

[Event "World Blitz 2015"]
[Site "Berlin GER"]
[Date "2015.10.14"]
[Round "19.18"]
[White "Riazantsev, Alexander"]
[Black "Bogdanovich, Stanislav"]
[Result "0-1"]
[WhiteTitle "GM"]
[BlackTitle "IM"]
[WhiteElo "2646"]
[BlackElo "2590"]
[WhiteFideId "4125029"]
[BlackFideId "14115298"]
[EventDate "2015.10.13"]

1. d4 d5 2. c4 e6 3. Nc3 Nf6 4. Bg5 Be7 5. e3 h6 6. Bxf6 Bxf6 7. Nf3 O-O 8. Qd2
dxc4 9. Bxc4 b6 10. O-O Bb7 11. e4 c5 12. d5 Bxc3 13. bxc3 exd5 14. Bxd5 Bxd5
15. exd5 Qd6 16. c4 Nd7 17. Rfe1 Rfe8 18. h3 Nf6 19. Qd3 Kf8 20. a4 Rxe1+ 21.
Rxe1 Re8 22. Ra1 Kg8 23. a5 Nd7 24. axb6 axb6 25. Rb1 Qf4 26. d6 Qe4 27. Qb3 Re6
28. Rd1 Qf4 29. Qd3 Qe4 30. Qa3 Qc6 31. Qd3 Qe4 32. Qc3 Qc6 33. Qd2 Qe4 34. Qc3
Qc6 35. Qd3 Qe4 36. Qxe4 Rxe4 37. Ra1 Kf8 38. Ra7 Nf6 39. Rb7 Ke8 40. Rxb6 Kd7
41. Rb7+ Kxd6 42. Rxf7 Rxc4 43. Rxg7 Rc1+ 44. Kh2 Ne4 45. Rg6+ Kd5 46. Rxh6 c4
47. Rh5+ Kd6 48. Rh6+ Kd5 49. Rh5+ Kd6 50. Rh8 c3 51. Rc8 Nc5 52. Nd4 Rb1 53.
Nf5+ Kd5 54. Ne3+ Kd4 55. h4 Ne4 56. h5 Nxf2 57. Nf5+ Kd3 58. h6 Ng4+ 59. Kg3
Nxh6 60. Nxh6 c2 61. Rxc2 Kxc2 62. Kf4 Rf1+ 63. Ke4 Rg1 64. Kf3 Kd3 65. Ng4 Rf1+
66. Kg3 Rf8 67. Ne5+ Ke4 68. Nc4 Rd8 69. Kf2 Rd4 70. Na3 Kd3 71. Kf3 Rd5 72. g4
Ra5 73. Nb1 Ra1 74. Kf4 Rxb1 75. g5 Kd4 76. Kf5 Kd5 77. Kf6 Kd6 78. g6 Rf1+ 0-1

[Event "World Blitz 2015"]
[Site "Berlin GER"]
[Date "2015.10.14"]
[Round "19.19"]
[White "Petrosian, Tigran L."]
[Black "Dreev, Aleksey"]
[Result "1-0"]
[WhiteTitle "GM"]
[BlackTitle "GM"]
[WhiteElo "2625"]
[BlackElo "2644"]
[WhiteFideId "13301616"]
[BlackFideId "4100107"]
[EventDate "2015.10.13"]

1. Nf3 d5 2. g3 c6 3. Bg2 Bg4 4. c4 e6 5. O-O Nf6 6. cxd5 Bxf3 7. Bxf3 cxd5 8.
d3 Nc6 9. Nc3 Be7 10. Bd2 O-O 11. Rc1 Rc8 12. a3 Nd7 13. Bg2 Bf6 14. e3 Nb6 15.
b4 Qd7 16. Qb3 Ne5 17. Qb1 Na4 18. Ne2 Qb5 19. Rxc8 Rxc8 20. Rc1 Rxc1+ 21. Nxc1
Qc6 22. f4 Nd7 23. Ne2 Nc3 24. Bxc3 Bxc3 25. d4 Nb6 26. Qc2 Ba1 27. Qd1 Bb2 28.
Qb3 Nc4 29. a4 Qb6 30. Kf2 g6 31. Bf1 Ba3 32. b5 Qa5 33. e4 Qd2 34. exd5 exd5
35. Qc3 Bb4 36. Qxd2 Bxd2 37. Bg2 Nb6 38. Ng1 Kf8 39. Ke2 Bb4 40. Kd3 Ke7 41.
Nh3 f6 42. Nf2 Kd6 43. Ng4 Ke6 44. f5+ Kxf5 45. Bh3 Kg5 46. Ne3 f5 47. Bg2 Ba5
48. Bxd5 Nxd5 49. Nxd5 Kg4 50. Nf6+ Kh3 51. Nxh7 Kxh2 52. Nf8 g5 53. d5 Kxg3 54.
d6 f4 55. Ng6 f3 56. Ne7 f2 57. Nf5+ Kf3 58. Ne3 g4 59. d7 g3 60. b6 Bxb6 61. a5
Bd8 62. Kd4 g2 63. a6 bxa6 1-0

[Event "World Blitz 2015"]
[Site "Berlin GER"]
[Date "2015.10.14"]
[Round "19.20"]
[White "Alekseev, Evgeny"]
[Black "Kravtsiv, Martyn"]
[Result "1-0"]
[WhiteTitle "GM"]
[BlackTitle "GM"]
[WhiteElo "2642"]
[BlackElo "2621"]
[WhiteFideId "4138147"]
[BlackFideId "14113147"]
[EventDate "2015.10.13"]

1. e4 e5 2. Nf3 Nc6 3. Bb5 a6 4. Ba4 Nf6 5. d3 b5 6. Bb3 Be7 7. Nc3 d6 8. a3 O-O
9. Nd5 Bg4 10. c3 Be6 11. O-O h6 12. h3 Re8 13. Be3 Bf8 14. Nxf6+ Qxf6 15. a4
Na5 16. Bc2 c5 17. Nh2 Qg6 18. Kh1 f5 19. f4 fxe4 20. dxe4 Nc4 21. Bc1 exf4 22.
Bxf4 Nxb2 23. Qc1 Nxa4 24. e5 Bf5 25. Bxf5 Qxf5 26. exd6 Rad8 27. Qd2 Qf6 28.
Ng4 Qg6 29. d7 Re7 30. Ne5 Qe6 31. Rae1 Rexd7 32. Nxd7 Qxd7 33. Qe3 Nb6 34. Qg3
Kh8 35. Bc7 Bd6 36. Bxd6 Qxd6 37. Qg4 Nc4 38. Rf7 Rg8 39. Qf5 Qd2 40. Re6 Qxc3
41. Qg6 Rd8 42. Kh2 b4 43. Rf3 Qd4 44. Rf7 b3 45. Ree7 Qd6+ 46. Qxd6 Nxd6 47.
Rxg7 b2 48. Rh7+ Kg8 49. Reg7+ Kf8 50. Rc7 Kg8 51. Rcg7+ Kf8 52. Ra7 Kg8 53.
Rag7+ Kf8 54. Rc7 1-0

[Event "World Blitz 2015"]
[Site "Berlin GER"]
[Date "2015.10.14"]
[Round "19.23"]
[White "Ivanisevic, Ivan"]
[Black "Ghaem Maghami, Ehsan"]
[Result "1-0"]
[WhiteTitle "GM"]
[BlackTitle "GM"]
[WhiteElo "2653"]
[BlackElo "2596"]
[WhiteFideId "912417"]
[BlackFideId "12500739"]
[EventDate "2015.10.13"]

1. d4 Nf6 2. c4 e6 3. Nc3 Bb4 4. Qc2 O-O 5. Bg5 h6 6. Bh4 c5 7. e3 d5 8. Nf3
cxd4 9. exd4 Nc6 10. a3 Bxc3+ 11. bxc3 b6 12. cxd5 exd5 13. Be2 Qd6 14. Bg3 Qe7
15. O-O Bf5 16. Qxf5 Qxe2 17. Rfe1 Qc4 18. Ne5 Nxe5 19. Bxe5 Ne4 20. h4 Qc8 21.
Qh5 Qc6 22. Re3 Rac8 23. Rae1 Qg6 24. Qf3 h5 25. Qe2 f6 26. Bf4 Qf5 27. g3 Rxc3
28. Rxc3 Nxc3 29. Qe7 Ne4 30. Rc1 Rc8 31. Rxc8+ Qxc8 32. Qxa7 Qe6 33. Qc7 g5 34.
hxg5 fxg5 35. Be5 Qf7 36. Qd8+ Kh7 37. f4 gxf4 38. Bxf4 Qg8 39. Qd7+ Kg6 40. Kg2
Qf7 41. Qc6+ Kh7 42. Qxb6 h4 43. Qc7 Qxc7 44. Bxc7 hxg3 45. a4 Nc3 46. a5 Nb5
47. Bb6 Nd6 48. a6 Nc8 49. Bc5 Kg6 50. Kxg3 Kf5 51. Kf3 Ke6 52. a7 1-0

[Event "World Blitz 2015"]
[Site "Berlin GER"]
[Date "2015.10.14"]
[Round "19.25"]
[White "Wojtaszek, Radoslaw"]
[Black "Borisek, Jure"]
[Result "1-0"]
[WhiteTitle "GM"]
[BlackTitle "GM"]
[WhiteElo "2734"]
[BlackElo "2565"]
[WhiteFideId "1118358"]
[BlackFideId "14603152"]
[EventDate "2015.10.13"]

1. Nf3 c5 2. c4 Nf6 3. d4 cxd4 4. Nxd4 Nc6 5. Nc3 e6 6. a3 Be7 7. e4 O-O 8. Nf3
Qa5 9. Bd2 Qh5 10. Be2 d5 11. cxd5 exd5 12. exd5 Nxd5 13. O-O Rd8 14. Nd4 Qg6
15. Nxd5 Rxd5 16. Nxc6 bxc6 17. Bf3 Rd8 18. Qe2 Be6 19. Bc3 Rac8 20. Rfd1 c5 21.
Qa6 Bf6 22. Rxd8+ Rxd8 23. Qxa7 Bxc3 24. bxc3 c4 25. Qb6 Qf6 26. a4 g5 27. a5
Kg7 28. a6 g4 29. a7 Qxc3 30. Rf1 gxf3 31. Qxd8 fxg2 1-0